书目信息 |
| 题名: |
透视学
|
|
| 作者: | 何靖泉 编著 | |
| 分册: | ||
| 出版信息: | 沈阳 辽宁美术出版社 2007.03 |
|
| 页数: | 128页 | |
| 开本: | 31cm | |
| 丛书名: | ||
| 单 册: | ||
| 中图分类: | 485.783 , J062 | |
| 科图分类: | ||
| 主题词: | 美术理论 | |
| 电子资源: | ||
| ISBN: | 978-7-5314-3531-0 | |
| 000 | 00588nam0 2200205 450 | |
| 001 | 1261306213 | |
| 005 | 20181217154645.02 | |
| 010 | @a978-7-5314-3531-0@dCNY31.80 | |
| 100 | @a20120619d2007 km y0chiy0120 ea | |
| 101 | 0 | @achi |
| 102 | @aCN@b210000 | |
| 200 | 1 | @a透视学@Atou shi xue@f何靖泉等编著@Fhe jing quan deng bian zhu |
| 210 | @a沈阳@c辽宁美术出版社@d2007.03 | |
| 215 | @a128页@d31cm | |
| 606 | 0 | @a美术理论 |
| 690 | @a485.783@v4 | |
| 690 | @aJ062@v4 | |
| 701 | 0 | @a何靖泉@Ahe jing quan@4编著 |
| 801 | 0 | @aCN@b大连网信软件有限公司图书馆·11@c20120619 |
| 905 | @aZUCC@dJ062@eH185 | |
| 透视学/何靖泉等编著.-沈阳:辽宁美术出版社,2007.03 |
| 128页;31cm |
| ISBN 978-7-5314-3531-0:CNY31.80 |
| ● |
| 相关链接 |
|
|
|
正题名:透视学
索取号:J062/H185
 
预约/预借
| 序号 | 登录号 | 条形码 | 馆藏地/架位号 | 状态 | 备注 |
| 1 | 1301564 | 213015645 | 社科库309/309社科库 64排1列1层/ [索取号:J062/H185] | 在馆 | |
| 2 | 485783 | 204857832 | 社科库309/309社科库 64排1列1层/ [索取号:J062/H185] | 在馆 |